000
00273nam a2200109Ia 4500
008
190216s9999||||xx |||||||||||||| ||und||
100
_a
Gordon B Davis&Amp; Margrethe H Olson
245
0
_a
Management Information System
260
_b
Null
_c
2000
300
_a
693p
942
_c
BK
999
_c
6030
_d
6030